00895nam a22002657a 4500999001500000001000600015003000900021005001700030008004100047020001600088020001800104040003800122082001900160100001800179245009300197260006600290300004100356500002000397650002100417650002800438650001700466700001700483942001200500952011700512 c4027d402713516BD-DhUAP20200316154501.0200316s1996 enka|||| |||| 001 0 eng d a019457220X  a9780194572200 aBD-DhUAPbengcBD-DhUAPdBD-DhUAP 223a428.24 VIN aViney, Peter. aHandshake : ba course in communication : student's book /cPeter Viney and Karen Viney. aOxford : bOxford University Press,cc1996 [Impression 1997]. a175 pages :billustrations ;c28 cm. aIncludes index. aEnglish language aLanguage and languages  aLinguistics. aViney, Karen 2ddccBK 00102ddc4070aUAPCLbUAPCLcGeneral Stacksd2020-03-16o428.24 VINp3010013516r2020-03-16t1w2020-03-16yBK